[Event "Krefeld op"]
[Site "Krefeld"]
[Date "2022.08.06"]
[Round "4"]
[White "Bui, Hoan Tam"]
[Black "Graf, David"]
[Result "1-0"]
[WhiteElo "1630"]
[BlackElo "1633"]
[PlyCount "105"]
[EventDate "2022.08.04"]
[EventType "swiss"]
[EventRounds "9"]
[EventCountry "GER"]
[SourceTitle "CBM 209 Extra"]
[Source "ChessBase"]
[SourceDate "2022.09.30"]
[SourceVersion "1"]
[SourceVersionDate "2022.09.30"]
[SourceQuality "1"]

1. e4 e5 2. Nf3 Nf6 3. d4 Nxe4 4. Bd3 Nc6 5. Bxe4 d5 6. Nxe5 dxe4 7. Nxc6 bxc6 8. 0-0 Bd6 9. Re1 Bf5 10. Nc3 Qe7 11. Qh5 Bg6 12. Qg5 f6 13. Qh4 f5 14. Bg5 Qe6 15. f3 h6 16. fxe4 0-0 17. e5 Bb4 18. Bd2 Rad8 19. Re3 Qc4 20. b3 Qxd4 21. Qxd4 Rxd4 22. a3 Bc5 23. Na4 Rxd2 24. Nxc5 Rxc2 25. b4 Rd8 26. Rd3 Rxd3 27. Nxd3 Rc3 28. Nc5 Bf7 29. e6 Be8 30. Kf2 Kf8 31. Ra2 Ke7 32. h4 g5 33. a4 a5 34. Na6 axb4 35. Nxb4 Kxe6 36. a5 c5 37. Na6 Kd6 38. Nb8 Rb3 39. Rd2+ Ke7 40. Na6 Ra3 41. Nxc7 Rxa5 42. Re2+ Kd7 43. Nxe8 c4 44. Ng7 c3 45. Rc2 Rc5 46. Ke3 Rd5 47. h5 Ke7 48. Rxc3 Kf6 49. Ne8+ Ke5 50. Nc7 Ra5 51. Kf3 Kd6 52. Ne8+ Kd7 53. Re3 1-0

[Event "Krefeld op"]
[Site "Krefeld"]
[Date "2022.08.05"]
[Round "3"]
[White "Riedel, David"]
[Black "Bui, Hoan Tam"]
[Result "1-0"]
[WhiteElo "1937"]
[BlackElo "1630"]
[PlyCount "53"]
[EventDate "2022.08.04"]
[EventType "swiss"]
[EventRounds "9"]
[EventCountry "GER"]
[SourceTitle "CBM 209 Extra"]
[Source "ChessBase"]
[SourceDate "2022.09.30"]
[SourceVersion "1"]
[SourceVersionDate "2022.09.30"]
[SourceQuality "1"]

1. e4 e6 2. d4 d5 3. Nd2 c5 4. c3 dxe4 5. Nxe4 cxd4 6. cxd4 Bb4+ 7. Nc3 Nf6 8. Bd3 0-0 9. Nf3 Nbd7 10. 0-0 a6 11. a3 Be7 12. Bb1 Nb6 13. Qd3 Nbd5 14. Bg5 g6 15. Bh6 Re8 16. Re1 Bf8 17. Bg5 Qc7 18. Ba2 Bd7 19. Ne5 Bc6 20. Rac1 Qb6 21. Qf3 Nh5 22. Qxf7+ Kh8 23. Ne4 Bg7 24. Bxd5 exd5 25. Nf6 Rf8 26. Qg8+ Rxg8 27. Nf7# 1-0

[Event "Krefeld op"]
[Site "Krefeld"]
[Date "2022.08.04"]
[Round "1"]
[White "Panjer, Sidney"]
[Black "Bui, Hoan Tam"]
[Result "1-0"]
[WhiteElo "2140"]
[BlackElo "1630"]
[PlyCount "29"]
[EventDate "2022.08.04"]
[EventType "swiss"]
[EventRounds "9"]
[EventCountry "GER"]
[SourceTitle "CBM 209 Extra"]
[Source "ChessBase"]
[SourceDate "2022.09.30"]
[SourceVersion "1"]
[SourceVersionDate "2022.09.30"]
[SourceQuality "1"]

1. Nf3 d5 2. d4 Nf6 3. c4 c6 4. cxd5 cxd5 5. Nc3 Nc6 6. Bf4 a6 7. Rc1 Bg4 8. Ne5 Qb6 9. Nxg4 Nxg4 10. Nxd5 Qa5+ 11. Nc3 e5 12. dxe5 Ngxe5 13. Qd5 Qxd5 14. Nxd5 Rc8 15. Bxe5 1-0